000 00641nam a22002537a 4500
001 107090
003 UA-OsUOA
005 20220421192446.0
007 ta
008 20140704b un ||||| |||| 00| 0 ukr d
020 _a5308010579
040 _aUA-OsUOA
_bukr
_cUA-OsUOA
_dUA-OsUOA
041 _aukr
080 _a821.161.2
090 _a821.161.2
_bЛ48
100 _aЛепкий Б. С.
245 _aТвори
260 _aК.
_bДніпро
_c1991
300 _a719 с.
650 7 _a821 Художня література
_2UDC
942 _cBK
_2udc
955 _a3
999 _c393492
_d393492